| 000 | 00352nam a2200133Ia 4500 | ||
|---|---|---|---|
| 008 | 240624s9999 xx 000 0 und d | ||
| 041 | _aeng | ||
| 082 | _a302.35 GRE | ||
| 100 | _aGREENBERG JERALD | ||
| 245 | _aDBEHAVIOR IN ORGANIZATIONS | ||
| 250 | _a(8th ed.) | ||
| 260 |
_c2004 _aNew Delhi _bPearson Education |
||
| 300 | _axxviii, : 491 : p. : cm. ; 28 | ||
| 999 |
_c8754 _d8754 |
||